| 000 | 00578nam a2200181 i 4500 | ||
|---|---|---|---|
| 001 | 85324 | ||
| 003 | ES-MaACL | ||
| 005 | 20230906175225.0 | ||
| 007 | t| | ||
| 008 | 041126s1979 sp |||| | spa d | ||
| 245 | 0 | 0 |
_aJoven poesía española _b: antología / _cselección de Concepción G. Moral ; introducción de Rosa María Pereda. |
| 260 |
_aMadrid : _bCátedra, _c[1979] |
||
| 300 |
_a395 p. ; _c18 cm. |
||
| 650 | 4 |
_aPoesías españolas- _yS.XX. _916221 |
|
| 700 | 1 |
_aMoral, Concepción G. _982930 |
|
| 700 | 1 |
_aPereda, Rosa María. _990452 |
|
| 852 |
_aES-MaACL _jA-10509 |
||
| 999 |
_c85324 _d85324 |
||